000 00736cam a22002411 4500
999 _c7385
_d7385
001 1062079
003 OSt
005 20190208134611.0
008 00026401951 xx 000 0 eng u
010 _a51011411 /L
040 _cBCT
_dOCL
_dATH
050 0 _aBX9426.A1
_bK8 vol. 4
082 _a222.16
_bK96S
090 _aBV4655
_b.K85 1951
100 1 _aKuiper, Henry J.,
_d1885-1962.
245 1 0 _aSermons on the Ten commandments, Lord's days: XXXIV-XLIV,
_cby ministers of the Reformed and Christian Reformed churches.
260 _aGrand Rapids,
_bZondervan
_c[1951]
300 _a175 p.
_c20 cm.
630 0 0 _aTen commandments
_xSermons.
650 0 _aReformed Church
_xSermons.
650 0 _aSermons, American.
942 _2ddc
_cBK